000 00487nam a2200181Ia 4500
005 20240403150423.0
008 131103s9999 xx 000 0 und d
040 _aLoreto College
041 _aEnglish
082 _a170
_bSIN
100 _aSingh, Trilochan
245 _aSocial Philosophy of Guru Gobind Sing
_cTrilochan Singh
260 _aPatiala
_bAcademy of Sikh Religion and Culture
_c1988
300 _axi,61p.
650 _aMoral Science
850 _aLCBED
942 _cBK
999 _c32069
_d82548